| 000 | 01035nam a2200241Ia 4500 | ||
|---|---|---|---|
| 003 | OSt | ||
| 005 | 20220923224100.0 | ||
| 006 | a|||||r|||| 00| 0 | ||
| 007 | ta | ||
| 008 | 220922b |||||||| |||| 00| 0 hin d | ||
| 024 | _a225,272 | ||
| 037 | _cTextual | ||
| 040 |
_aARTS _cARTS _bhin |
||
| 041 |
_2hin _ahin |
||
| 082 | _aV52,4N21xM91, 152P2 | ||
| 100 |
_aग्राम्शी, अंतोनियो; मिश्र, कृष्णकांत, अनु. _9167768 |
||
| 245 | 0 | _aसांस्कृतिक और राजनीतिक चिंतन के बुनियादी सरोकार | |
| 246 | _aSāanskṛutik aur rājanītik chiantan ke buniyādī sarokāra | ||
| 260 |
_aृनई दिल्ली _b ग्रन्थ शिल्पी _c2002 |
||
| 300 |
_a615पृ. _ccm. |
||
| 942 |
_hV52,4N21xM91, 152P2 _cTEXL _2CC |
||
| 999 |
_c369092 _d369092 |
||